00450nam a2200145Ia 4500003000900000008004100009040001600050080001700066100002400083245010800107260003400215300001500249650002500264650001500289IN-BaIIA211028s9999 xx 000 0 eng d cIIA Library a519.2bKEN-1 aKendall, Maurice G. 4aThe advanced theory of statisticsbvol. IIcMaurice G. Kendall  aLondonbCharles Griffinc1946 avii, 521p. aStatistical Analysis aStatistics